Normal view
MARC view
- Prep, Manhattan
Entry Personal Name
001 - CONTROL NUMBER
- control field: 89304
003 - CONTROL NUMBER IDENTIFIER
- control field: NUST
005 - DATE AND TIME OF LATEST TRANSACTION
- control field: 20220221162724.0
008 - FIXED-LENGTH DATA ELEMENTS
- fixed length control field: 220221|| aca||aabn | a|a d
040 ## - CATALOGING SOURCE
- Original cataloging agency: NUST
- Transcribing agency: NUST
100 ## - HEADING--PERSONAL NAME
- Personal name: Prep, Manhattan
670 ## - SOURCE DATA FOUND
- Source citation: Work cat.: (NUST): Prep, Manhattan , 5 lb. Book of GRE(Graduate Record Examination) Practice Problems:, 2018.
